Technológia recyklizácie sekundárnej produkcie poľnohospodárstva

Salvato in:
Dettagli Bibliografici
Autore principale: Tomovčík, Ján
Natura: Libro
Lingua:slovacco
Pubblicazione: Bratislava Prognostický ústav SAV 2001
Serie:Pracovné materiály č. 11
Soggetti:
Tags: Aggiungi Tag
Nessun Tag, puoi essere il primo ad aggiungerne!!

MARC

LEADER 00000nam a2200000 4500
001 c132186
005 20221124104840.6
022 |a 0862-9137 
041 0 |a slo 
044 |a SK 
245 1 0 |a Technológia recyklizácie sekundárnej produkcie poľnohospodárstva  |c Ján Tomovčík 
264 1 |a Bratislava  |b Prognostický ústav SAV  |c 2001 
300 |a 30 s. 
490 1 |a Pracovné materiály  |v č. 11 
830 0 |a Pracovné materiály  |v č. 11 
610 2 0 |a poľnohospodárstvo 
610 2 0 |a produkcia 
610 2 0 |a produkcia hrubá 
610 2 0 |a výroba rastlinná 
610 2 0 |a oleje rastlinné 
610 2 0 |a výroba živočíšna 
610 2 0 |a hnojivá 
610 2 0 |a Slovensko 
100 1 |a Tomovčík, Ján